|
|
|
|
| LEADER |
00000nas a2200000 a 4500 |
| 001 |
ssj0022351 |
| 003 |
WaSeSS |
| 005 |
20200512172242.0 |
| 006 |
m d |
| 007 |
cr n |
| 008 |
930823c19939999vaubr p s 0 a0eng |
| 010 |
|
|
|a 93648869
|
| 022 |
|
|
|l 1071-670X
|y 1071-670X
|
| 035 |
|
|
|a (WaSeSS)ssj0022351
|
| 037 |
|
|
|b Empire Press, 602 S. King St., Ste. 300, Leesburg, VA 22075
|
| 040 |
|
|
|a DLC
|b eng
|c DLC
|d NSDP
|d OCoLC
|d DLC
|d OCoLC
|d OCLCO
|d OCoLC
|d WaSeSS
|
| 042 |
|
|
|a pcc
|a nsdp
|
| 050 |
0 |
0 |
|a D25
|b .M48
|
| 082 |
0 |
0 |
|a 904/.7
|2 19
|
| 210 |
0 |
|
|a Great battles
|
| 222 |
|
0 |
|a Great battles
|
| 245 |
0 |
0 |
|a Great battles
|h [electronic resource].
|
| 246 |
1 |
3 |
|a Military history magazine presents great battles
|
| 246 |
1 |
3 |
|a Military history magazine's great battles
|
| 260 |
|
|
|a Leesburg, VA :
|b Empire Press,
|c c1993-
|
| 310 |
|
|
|a Bimonthly
|
| 362 |
0 |
|
|a Vol. 6, no. 3 (Mar. 1993)-
|
| 500 |
|
|
|a Title from cover.
|
| 500 |
|
|
|a Some issues have also distinctive title.
|
| 506 |
|
|
|a License restrictions may limit access.
|
| 525 |
|
|
|a Some issues have a special edition.
|
| 588 |
|
|
|a Latest issue consulted: Vol. 6, no. 6 (Sept. 1993).
|
| 650 |
|
0 |
|a Military history
|v Periodicals.
|
| 650 |
|
0 |
|a Battles
|v Periodicals.
|
| 655 |
|
0 |
|a Electronic journals.
|
| 730 |
0 |
|
|a Military history (Herndon, Va.)
|
| 780 |
0 |
0 |
|t Military history magazine presents great battles
|x 1060-9490
|w (DLC) 92650210
|w (OCoLC)25273699
|
| 850 |
|
|
|a DLC
|
| 856 |
4 |
0 |
|z Full text available from Research Library: 07/01/1998 to 07/31/1998
|u https://search.proquest.com/publication/33747
|